Loading...
| Beliefs | 3 | 26.67 | 3,600% | 600% | 400% |
| Current Events | 1 | 30.00 | 3,600% | 600% | 600% |
| Fine Arts - Auditory | 3 | 6.67 | 0% | 0% | 400% |
| Fine Arts - Other Arts | 1 | 20.00 | 0% | 600% | 600% |
| Fine Arts - Visual | 4 | 12.50 | 0% | 450% | 300% |
| Geography | 1 | 10.00 | 3,600% | 0% | 0% |
| History - American | 4 | 12.50 | 1,800% | 450% | 0% |
| History - European | 5 | 18.00 | 1,440% | 480% | 360% |
| History - World | 4 | 5.00 | 900% | 150% | 0% |
| Literature - American | 1 | 20.00 | 0% | 600% | 600% |
| Literature - British | 3 | 6.67 | 0% | 400% | 0% |
| Literature - European | 3 | 20.00 | 2,400% | 200% | 600% |
| Other Arts: Auditory | 1 | 30.00 | 3,600% | 600% | 600% |
| Other Arts: Visual | 2 | 15.00 | 1,800% | 300% | 300% |
| Other Science: Computer Science | 1 | 10.00 | 0% | 600% | 0% |
| Philosophy | 3 | 6.67 | 0% | 200% | 200% |
| Science - Biology | 3 | 13.33 | 3,600% | 200% | 0% |
| Science - Chemistry | 2 | 10.00 | 0% | 600% | 0% |
| Science - Physics | 3 | 16.67 | 2,400% | 200% | 400% |
| Social Science | 7 | 11.43 | 1,029% | 171% | 343% |
| 9 | 13.33 | 1,600% | 267% | 267% |